Francúzska republika

Základné obchodné, demografické a politické informácie o Francúzsku. Vzťahy Francúzska a Európskej únie. Dovozný a vývozný režim vo vzťahu k Slovenskej republike. Transport medzi SR a Francúzskom.

Na minha lista:
Detalhes bibliográficos
Formato: Capítulo de Livro
Idioma:eslovaco
Assuntos:
Tags: Adicionar Tag
Sem tags, seja o primeiro a adicionar uma tag!

MARC

LEADER 00000naa a2200000 4500
001 r038656
005 20230824105108.5
041 0 |a slo 
044 |a SK 
245 1 0 |a Francúzska republika 
520 |a Základné obchodné, demografické a politické informácie o Francúzsku. Vzťahy Francúzska a Európskej únie. Dovozný a vývozný režim vo vzťahu k Slovenskej republike. Transport medzi SR a Francúzskom. 
610 2 0 |a informácie obchodno-ekonomické 
610 2 0 |a vývoj hospodársky 
610 2 0 |a kapitál zahraničný 
610 2 0 |a zvyklosti obchodné 
610 2 0 |a informácie ekonomické 
610 2 0 |a výroba 
610 2 0 |a Francúzsko 
610 2 0 |a Slovensko 
610 2 0 |a Európska únia 
610 2 0 |a dovoz 
610 2 0 |a vývoz 
610 2 0 |a vzťahy hospodárske medzinárodné 
610 2 0 |a vzťahy obchodné